000 00461nam a2200193Ia 4500
999 _c12784
_d12784
003 0100
005 20180309091005.0
008 130303s9999 xx 000 0 und d
020 _a571103561
040 _cARRUPELIB
050 _aDT962.75.G66
100 _aGood, Robert C
_940469
245 _aU.D.I:
_bthe international politics of the Rhodesian rebellion /
260 _aLondon
_bFaber and Faber
_c1973
300 _a368p. 23cm
650 _aRhodesia, Southern
_xPolitics
_y1966-
_930002
700 _aRobert C Good
_940470
942 _2lcc
_cMONOGRAPH